<Le> Nouvel ordre economique international pour ou contre

Na minha lista:
Detalhes bibliográficos
Formato: Livro
Idioma:francês
Publicado em: Varsovie Orbis 1983
Tags: Adicionar Tag
Sem tags, seja o primeiro a adicionar uma tag!

MARC

LEADER 00000nam a2200000 4500
001 c110607
005 20041019155147.3
041 0 |a fre 
044 |a FR 
245 1 0 |a <Le> Nouvel ordre economique international  |b pour ou contre 
264 1 |a Varsovie  |b Orbis  |c 1983 
300 |a 141 s.